History Quiz

Random History or Sporcle Quiz
Score 0/25 Timer 06:00
85 Plays Today
% Correct
1889
91.6%
1875
91.3%
1883
90.4%
1894
90.3%
1885
89.9%
1891
89.7%
1877
89%
1893
88%
1895
87.8%
1879
87.5%
1892
86.3%
1896
85.9%
1898
85.7%
% Correct
1884
84.5%
1886
83.9%
1881
82%
1887
81.9%
1890
81.5%
1899
81%
1878
78.2%
1897
75.3%
1880
72.7%
1876
71.5%
1888
60.1%
1882
45.5%
Remove Ads.
Support Sporcle.
Get the best of Sporcle when you Go Orange. This ad-free experience offers more features, more stats, and more fun while also helping to support Sporcle. Thank you for becoming a member.

You're not logged in!

Compare scores with friends on all Sporcle quizzes.
OR
Log In

Sporcle TV

Today on Sporcle TV


Watch our educational content, quiz creation guides, and fun videos on Sporcle TV.

Show Comments

Extras

Top Quizzes Today


Score Distribution

Paid Content

Your Account Isn't Verified!

In order to create a playlist on Sporcle, you need to verify the email address you used during registration. Go to your Sporcle Settings to finish the process.

Report this User

Report this user for behavior that violates our Community Guidelines.

Details: